| 000 | 03672cam a22005294i 4500 | ||
|---|---|---|---|
| 003 | PE-LiUPU | ||
| 005 | 20250731173025.0 | ||
| 008 | 150624s2002 ag a r 000 0 spa d | ||
| 020 | _a9505738293 | ||
| 020 | _a9789505738298 | ||
| 035 | _a(Sirsi) i9789505738298 | ||
| 040 |
_aPE-LiUPU _bspa _cPE-LiUPU _dPE-LiUPU _erda |
||
| 041 | 1 |
_aspa _heng |
|
| 049 | _aPRUA | ||
| 082 | 0 | 4 |
_a267.1 _bI35 _221 |
| 110 | 2 | _aIglesia Adventista del Séptimo Día - Ministerio Joven de la DSA. | |
| 245 | 1 | 0 |
_aManual administrativo de los conquistadores / _cIglesia Adventista del Séptimo Día - Ministerio Joven de la DSA. |
| 250 | _aPrimera edición. | ||
| 264 | 1 |
_aBuenos Aires : _bAsociación Casa Editora Sudamericana, _c2002. |
|
| 300 |
_a255 páginas : _bilustraciones ; _c28 centímetros |
||
| 336 |
_atext _2rdacontent |
||
| 337 |
_aunmediated _2rdamedia |
||
| 338 |
_avolume _2rdacarrier |
||
| 505 | 0 | _aIntroducción -- Filosofía -- Objetivos -- Liderazgo -- Comprensión del conquistador y el personal -- Estructura del club de conquistadores -- Organización -- Voto, ley y emblema de los conquistadores -- Significado del emblema del club de conquistadores -- Organización de un club de conquistadores -- Constitución del club de conquistadores -- Elección de oficiales y personal -- Deberes de los oficiales y la dirección -- Coordinador regional de los conquistadores -- Miembros de la comisión -- Miembros del club -- Admisión del club de conquistadores -- Aprobación de los padres o tutores -- Uniforme -- Premio de excelencia de los conquistadores -- Sistema de méritos -- Distribución del puntaje de méritos -- Reglamentos generales -- Ausencias, tardanzas y reembolsos -- Informe de la unidad -- Finanzas -- Reglamento para la recolección de fondos -- Modelo de informe de entradas y salidas -- Informes -- Administración -- Mantenimiento del club de conquistadores -- Disciplina -- Relaciones públicas -- Seguro -- Programación -- Clases de los conquistadores -- Noche de matriculación -- Servicios y ceremonias especiales -- Programa anual -- Guía de planificación -- Ceremonia de investidura -- Actividades -- Desarrollo social -- La recreación -- Pasos para elaborar un programa de manualidades de éxito -- Actividades en la naturaleza -- Acampar -- Testificación -- Proyectos especiales de testificación de los conquistadores -- Eventos de la Asociación/Misión -- Feria de los conquistadores -- Encuentro de los conquistadores -- Camporee de los conquistadores -- Día del conquistador -- Otros eventos patrocinados por la asociación/Misión. | |
| 526 | _aSEG42 | ||
| 526 | _aSEG41 | ||
| 526 | _aSEG40 | ||
| 526 | _aSEG39 | ||
| 526 | _aP94 | ||
| 526 | _aP87 | ||
| 526 | _aP86 | ||
| 526 | _aP85 | ||
| 526 | _aP77 | ||
| 526 | _aP76 | ||
| 526 | _aP35 | ||
| 534 |
_pTítulo original : _t:The pathfinder administrative manual. |
||
| 650 | 0 | 4 |
_aAdventistas del séptimo día _xClubes _xConquistadores _vManual. |
| 650 | 0 | 4 |
_aClub de los conquistadores (IASD) _vmanual. |
| 710 | 2 |
_aGeneral Conference of Seventh-Day Adventists . _bYouth Department. |
|
| 730 |
_aPathfinder administrative manual. _lSpanish. |
||
| 942 |
_2ddc _cBOOK |
||
| 949 |
_a267.1 I35 _wDEWEY _c1 _i54253 _d2016-11-29 _e2016-11-14 _lCCODEBUL1 _mBUL _n7 _p9.50 _r0 _sY _tBOOK _u2015-6-24 _xTEOLOGIA _PP35 _0COMPRA _o.STAFF. Colección General |
||
| 994 |
_aC0 _bPEPRU |
||
| 596 | _a1 | ||
| 999 |
_a267.1 I35 _wDEWEY _c24417 _i54253 _d24417 _e2019-5-23 _f2021-11-10 _g5 _lCCODEBUL1 _mBUL _n9 _p9.50 _q11 _r0 _sY _tBOOK _u2015-6-24 _xTEOLOGIA _PP35 _0COMPRA _o.STAFF. Colección Teología |
||
| 980 |
_81 _gALBERTO SANCHEZ Responsable de Automatización |
||